书目信息 |
| 题名: |
国家教师资格面试专用教材
|
|
| 作者: | ;粉笔教师 编著 | |
| 分册: | 面试高分实战 | |
| 出版信息: | 北京 电子工业出版社 2019.12 |
|
| 页数: | 217页 | |
| 开本: | 26cm | |
| 丛书名: | ||
| 单 册: | ||
| 中图分类: | G451.1 , G633.602 | |
| 科图分类: | ||
| 主题词: | 教师--资格考试--教材 , 小学数学课--教学法--初中--小学教师--资格考试--教材 | |
| 电子资源: | ||
| ISBN: | 978-7-121-38012-9 | |
| 000 | 00910nam0 2200253 45 | |
| 001 | 012001001025 | |
| 005 | 20140820133333.0 | |
| 010 | @a978-7-121-38012-9@dCNY59.00 | |
| 100 | @a20210219d2019 em y0chiy0110 ea | |
| 101 | 0 | @achi |
| 102 | @aCN@b110000 | |
| 105 | @aa z 000yy | |
| 106 | @ar | |
| 200 | 1 | @a国家教师资格面试专用教材@Aguo jia jiao shi zi ge mian shi zhuan yong jiao cai@i面试高分实战@i小学数学@f粉笔公考编著 |
| 210 | @a北京@c电子工业出版社@d2019.12 | |
| 215 | @a217页@c图@d26cm | |
| 330 | @a本书分为俯瞰面试、试讲、结构化、答辩、考官考生经验分享五篇,主要内容包括:拿证“三步曲”、试讲概述、结构化面试考情、答辩概述等。 | |
| 606 | 0 | @a教师@x资格考试@j教材 |
| 606 | 0 | @a小学数学课@x教学法@x初中@x小学教师@x资格考试@j教材 |
| 690 | @aG451.1@v5 | |
| 690 | @aG633.602@v5 | |
| 711 | 02 | @a粉笔教师@Afen bi jiao shi@4编著 |
| 801 | @aCN@bAHXH@c20210922 | |
| 905 | @b1247553-7@dG451.1@e467@f5 | |
| 国家教师资格面试专用教材.面试高分实战.小学数学/粉笔公考编著.-北京:电子工业出版社,2019.12 |
| 217页:图;26cm |
| ISBN 978-7-121-38012-9:CNY59.00 |
| 本书分为俯瞰面试、试讲、结构化、答辩、考官考生经验分享五篇,主要内容包括:拿证“三步曲”、试讲概述、结构化面试考情、答辩概述等。 |
| ● |
| 相关链接 |
|
|
|
|
正题名:国家教师资格面试专用教材
索取号:G451.1/467
 
预约/预借
| 序号 | 登录号 | 条形码 | 馆藏地/架位号 | 状态 | 备注 |
| 1 | 1247553 | 212475533 | 第一样本阅览室/ [索取号:G451.1/467] | 在馆 | |
| 2 | 1247554 | 212475542 | 教育系资料室/ [索取号:G451.1/467] | 在馆 | |
| 3 | 1247555 | 212475551 | 教育系资料室/ [索取号:G451.1/467] | 在馆 | |
| 4 | 1247556 | 212475560 | 第四借阅区/ [索取号:G451.1/467] | 在馆 | |
| 5 | 1247557 | 212475579 | 第四借阅区/ [索取号:G451.1/467] | 在馆 |